El proyecto educativo de centro: de la teoría a la acción educativa
Đã lưu trong:
| Những tác giả chính: | , |
|---|---|
| Định dạng: | Sách |
| Ngôn ngữ: | Tiếng Tây Ban Nha |
| Được phát hành: |
Madrid
Escuela Española
1992
|
| Phiên bản: | 2a. ed |
| Loạt: | De la Reforma Educativa al Aula, 1
|
| Những chủ đề: | |
| Các nhãn: |
Thêm thẻ
Không có thẻ, Là người đầu tiên thẻ bản ghi này!
|
MARC
| LEADER | 00000nam a2200000 a 4500 | ||
|---|---|---|---|
| 001 | UCT8527 | ||
| 003 | CL-VaPUC | ||
| 008 | 970326e19920000SP |||||||||||||||||spa|d | ||
| 082 | 0 | 4 | |a 371.3 |b REY |2 21 |
| 100 | 0 | |a Rey, Roberto |e author |9 380268 | |
| 700 | 0 | |a Santamaría, Juana María |e author |9 380269 | |
| 245 | 1 | 3 | |a El proyecto educativo de centro: de la teoría a la acción educativa |
| 250 | |a 2a. ed | ||
| 300 | |a 324 p | ||
| 942 | |c BK | ||
| 945 | |d 19970326 00:00:00 |a rleighto | ||
| 260 | |a Madrid |b Escuela Española |c 1992 | ||
| 650 | 7 | |a PROYECTOS EDUCACIONALES |2 CL-VaPUC |9 380270 | |
| 650 | 0 | |a Planificación de la educación |9 307333 | |
| 650 | 0 | |a Currículo |9 307290 | |
| 650 | 0 | |a Reforma educacional |9 256319 | |
| 650 | 7 | |a ELABORACION DE PROYECTOS |2 CL-VaPUC |9 263839 | |
| 583 | |a last modification |c 19970326 00:00:00 |k Rodrigo Vera | ||
| 490 | 0 | |a De la Reforma Educativa al Aula, 1 | |
| 999 | |c 257019 |d 257017 | ||
| 952 | |0 0 |1 0 |4 0 |6 371_300000000000000_REY_1992 |7 0 |8 A |9 280226 |a BIBEDU |b BIBEDU |d 2019-11-19 |i 3297942 |o 371.3 REY 1992 |p 3297942 |r 2019-11-19 |w 2019-11-19 |y BK |k EPE | ||
| 952 | |0 0 |1 0 |4 0 |6 371_300000000000000_REY_1992 |7 0 |8 A |9 280227 |a BIBGIM |b BIBGIM |d 2019-11-19 |i 275875K |o 371.3 REY 1992 |p 275875K |r 2025-01-15 |w 2019-11-19 |y BK |k GIM | ||
| 952 | |0 0 |1 0 |4 0 |6 371_300000000000000_REY_1992 |7 0 |8 A |9 280228 |a BIBEDU |b BIBEDU |d 2019-11-19 |i 2767333 |o 371.3 REY 1992 |p 2767333 |r 2019-11-19 |w 2019-11-19 |y BK |k EDU | ||